Statistics for Guess the Pro Cyclist by UCI Passport

Click here to take the quiz!

General Stats

  • This quiz has been taken 87 times
  • The average score is 5 of 20

Answer Stats

Answer% Correct
Christopher Froome
58%
Jonas Vingegaard
58%
Mikel Landa
49%
Simon Yates
44%
Caleb Ewan
40%
Bob Jungels
33%
Bauke Mollema
32%
Arnaud Demare
31%
Jonathan Castroviejo
31%
Mauro Schmid
24%
José Joaquín Rojas
21%
Lawrence Naesen
21%
Guillaume Martin
18%
John Degenkolb
15%
Nacer Bouhanni
15%
Jakub Mareczko
14%
Davide Formolo
10%
Hugh Carthy
8%
Joe Dombrowski
8%
Sven Erik Bystrøm
4%

Score Distribution

Percentile by Number Answered

Percent of People with Each Score

Your Score History

You have not taken this quiz